Analýza výdavkov na výskum a vývoj v Slovenskej republike diplomová práca

Saved in:
Bibliographic Details
Main Author: Kubíková, Ivana
Corporate Author: Národohospodárska fakulta EU. Katedra hospodárskej politiky
Other Authors: Pobudová, Daniela, 1982-
Format: Book
Language:Slovak
Published: Bratislava 2018
Tags: Add Tag
No Tags, Be the first to tag this record!

MARC

LEADER 00000nbm a2200000 4500
001 0244329
005 20181126095809.5
041 0 |a slo 
044 |a SK 
245 1 0 |a Analýza výdavkov na výskum a vývoj v Slovenskej republike  |b diplomová práca  |c Ivana Kubíková ; školiteľ: Daniela Pobudová 
264 1 |a Bratislava  |c 2018 
300 |a 59 s. 
100 1 |a Kubíková, Ivana 
700 1 |a Pobudová, Daniela, 1982- 
710 2 |a Národohospodárska fakulta EU. Katedra hospodárskej politiky